Sistematica del verbo español (aspectos, modos, tiempos). tomo 1 /

Guardado en:
Autor Principal: Molho, Mauricio
Formato: Libro
Publicado: Madrid : Gredos, 1975
Series:Bibl. Romanica Hispanica, 229
Materias:
Etiquetas: Agregar Etiqueta
Sin Etiquetas, Sea el primero en etiquetar este registro!
LEADER 00520nam a22001575a 4500
001 EHU.bham005404
003 AR-BHAM
005 20081016112045.0
008 130507s1975##################000#0#####d
082 4 6 |a 465.1 
100 1 |a Molho, Mauricio 
245 1 0 |a Sistematica del verbo español (aspectos, modos, tiempos). tomo 1 /  |c Mauricio Molho. 
260 |a Madrid :  |b Gredos,  |c 1975 
490 0 |a Bibl. Romanica Hispanica, 229 
653 |a Castellano-morfologia 
859 |a AR-BHAM  |b BIB. HUMANIDADES - General  |h 465.1  |i M732  |p 9912.87  |t Ej.1  |v I  |3 I